[Event "47th Rilton Cup 2017"]
[Site "?"]
[Date "2018.01.04"]
[Round "8"]
[White "Bellia, Fabrizio"]
[Black "Hillarp Persson, Tiger"]
[Result "0-1"]
[WhiteElo "2435"]
[BlackElo "2537"]
[Annotator "RC"]
[PlyCount "66"]
[EventDate "2018.??.??"]
[EventType "swiss"]
[EventCountry "SWE"]
[SourceTitle "Stockholm"]
[TimeControl "40/5400+30:1800+30"]
[WhiteClock "0:02:03"]
[BlackClock "0:01:37"]

1. e4 {[%emt 0:00:00]} c5 {[%emt 0:00:00]} 2. Nf3 {[%emt 0:00:00]} Nc6 {[%emt 0:00:17]} 3. Bb5 {[%emt 0:00:02]} Nf6 {[%emt 0:00:13]} 4. e5 {[%emt 0:01:27]} Nd5 {[%emt 0:00:10]} 5. c3 {[%emt 0:05:15]} Qc7 {[%emt 0:05:17]} 6. Qe2 {[%emt 0:04:46]} g5 {[%emt 0:23:02]} 7. Qe4 {[%emt 0:11:09]} g4 {[%emt 0:00:36]} 8. Qxd5 {[%emt 0:09:19]} gxf3 {[%emt 0:01:03]} 9. Qxf3 {[%emt 0:00:22]} Nxe5 {[%emt 0:00:54]} 10. Qg3 {[%emt 0:01:31]} a6 11. d4 {[%emt 0:05:35]} axb5 {[%emt 0:04:17]} 12. dxe5 {[%emt 0:01:36]} Ra6 {[%emt 0:00:29]} 13. Bf4 {[%emt 0:05:04]} Rg6 {[%emt 0:01:34]} 14. Qe3 {[%emt 0:02:49]} Rxg2 {[%emt 0:03:01]} 15. Nd2 {[%emt 0:00:20]} Qc6 {[%emt 0:04:02]} 16. O-O-O {[%emt 0:05:02]} b6 {[%emt 0:00:35]} 17. Ne4 {[%emt 0:02:11]} Bb7 {[%emt 0:10:17]} 18. f3 {[%emt 0:17:33]} Qe6 {[%emt 0:10:40]} 19. Rhg1 {[%emt 0:05:38]} Rg6 {[%emt 0:09:56]} 20. Rge1 {[%emt 0:09:26]} Bc6 {[%emt 0:02:51]} 21. Qd2 {[%emt 0:03:59]} Qxa2 {[%emt 0:03:45]} 22. Nf6+ {[%emt 0:01:15]} exf6 {[%emt 0:02:13]} 23. exf6+ {[%emt 0:00:27]} Kd8 {[%emt 0:00:11]} 24. Re2 {[%emt 0:04:05]} b4 {[%emt 0:07:47]} 25. Qe3 {[%emt 0:01:16]} Qa1+ {[%emt 0:04:16]} 26. Kc2 {[%emt 0:00:17]} Ba4+ {[%emt 0:01:51]} 27. b3 {[%emt 0:00:08]} Bxb3+ {[%emt 0:00:14]} 28. Kxb3 {[%emt 0:00:28]} Qxd1+ {[%emt 0:00:44]} 29. Kc4 {[%emt 0:00:14]} Bd6 {[%emt 0:00:55]} 30. Rd2 {[%emt 0:00:24]} Qf1+ {[%emt 0:00:53]} 31. Rd3 {[%emt 0:02:26]} Re8 {[%emt 0:00:40]} 32. Qd2 {[%emt 0:00:21]} b5+ {[%emt 0:01:36]} 33. Kxb5 {[%emt 0:00:28]} Bxf4 {[%emt 0:00:08]} 0-1

[Event "47th Rilton Cup 2017"]
[Site "?"]
[Date "2018.01.04"]
[Round "8"]
[White "Sammalvuo, Tapani"]
[Black "Narayanan, Srinath"]
[Result "0-1"]
[WhiteElo "2416"]
[BlackElo "2532"]
[Annotator "TA"]
[PlyCount "98"]
[EventDate "2018.??.??"]
[EventType "swiss"]
[EventCountry "SWE"]
[SourceTitle "Stockholm"]

{[%evp 25,98,56,48,41,42,42,49,42,39,42,43,36,35,39,50,39,47,15,8,0,0,-14,0,-11,0,-20,-22,-48,-50,-66,-43,-85,0,0,0,-83,-96,-91,-80,-81,-89,-96,-91,-79,-77,-83,-67,-68,-58,-82,-80,-132,-123,-348,-331,-562,-558,-971,-912,-910,-853,-892,-881,-2264,-1520,-29966,-29961,-29980,-29972,-29984,-29985,-29983,-29984,-29986,-29987]} 1. d4 {[%cal Bd2d4,Bd4d5][%mdl 32]} Nf6 2. c4 c5 3. d5 g6 4. Nc3 Bg7 5. e4 O-O 6. Nf3 e6 7. Bd3 exd5 8. cxd5 d6 9. h3 a6 10. a4 Nbd7 11. O-O Nh5 12. Bg5 Bf6 13. Be3 Re8 14. Re1 {A70: Modern Benoni: 6 e4 g6 7 Nf3} (14. Qd2 Ne5 15. Be2 Nxf3+ 16. Bxf3 Ng7 {½-½ (16) Kazhgaleyev,M (2594)-Ponomariov,R (2709) chess.com INT 2017}) 14... Ne5 15. Be2 Nxf3+ 16. Bxf3 {White is slightly better.} Ng7 $1 17. Qd2 Bd7 18. a5 b5 19. axb6 Qxb6 20. Ra2 a5 21. Qc2 $146 ({Predecessor:} 21. Bf4) 21... Be5 22. Rea1 f5 23. Bd2 Rf8 24. Nd1 {[%cal Rd2a5]} fxe4 25. Bxe4 {[%cal Rd2a5]} a4 26. Ne3 {Black should prevent Nc4.} Bd4 27. Bc3 Rae8 28. Nc4 Bxf2+ (28... Qc7 $17 29. Bxd4 cxd4) 29. Qxf2 $11 Qa6 $1 30. Qc2 (30. Qe2 $11 Rf4 31. b3 Rexe4 32. Qd3) 30... Qxc4 $17 31. Bxg7 Qxc2 32. Bxc2 Kxg7 33. Bxa4 Bxa4 34. Rxa4 {[%mdl 4096] Endgame KRR-KRR} Re2 35. Ra7+ Kh6 {[#] Threatens to win with ...Rff2.} 36. R1a4 $1 Rxb2 37. Rd7 Rf6 38. Rh4+ Kg5 39. Rdxh7 $2 {[#]} (39. Rg4+ $17 {was worth a try.} Kf5 40. Rxh7) 39... Rf4 $19 40. Rxf4 $2 (40. R4h6 {was called for.}) 40... Kxf4 {KR-KR} 41. Rg7 c4 {[%cal Bc5c4,Bc4c3,Bc3c2][%mdl 32]} 42. Rc7 Rc2 43. h4 c3 44. Kf1 Ke5 45. Ke1 Kd4 {Black mates.} 46. g4 Rh2 47. Rc6 c2 48. h5 gxh5 49. gxh5 Kd3 {Precision: White = 42%, Black = 79%.} 0-1

[Event "47th Rilton Cup 2017"]
[Site "?"]
[Date "2018.01.04"]
[Round "8"]
[White "Percivaldi, Martin"]
[Black "Nihal, Sarin"]
[Result "1/2-1/2"]
[WhiteElo "2389"]
[BlackElo "2507"]
[Annotator "TA"]
[PlyCount "67"]
[EventDate "2018.??.??"]
[EventType "swiss"]
[EventCountry "SWE"]
[SourceTitle "Stockholm"]

{[%evp 12,67,18,24,35,2,0,0,0,-6,0,0,0,0,0,0,0,0,10,0,10,0,7,0,2,0,20,-24,-15,-19,-11,-11,-11,-10,-8,-11,0,-14,0,-28,-14,-7,0,-28,-28,-28,-28,-28,-28,-28,-28,-28,-28,-28,0,-28,0,-28]} 1. Nf3 c5 2. c4 Nc6 3. d4 cxd4 4. Nxd4 Nf6 5. Nc3 e6 6. Bf4 Nxd4 {A33: Symmetrical English: 2 Nf3 Nf6 3 d4 cxd4 4 Nxd4 e6 5 Nc3 Nc6} (6... d5 7. e3 Bb4 8. Be2 Bd7 9. Ndb5 e5 10. Bg5 a6 11. a3 axb5 12. axb4 Rxa1 13. Qxa1 dxc4 14. O-O O-O 15. Rd1 Qe7 16. Nd5 Qe6 17. Nc7 Qe7 18. Nd5 Qe6 19. Nc7 Qe7 {½-½ (19) Nepomniachtchi,I (2729)-Vachier Lagrave,M (2789) London 2017}) 7. Qxd4 {LiveBook: 3 Games} b6 8. Bd6 Bxd6 9. Qxd6 {[#] aiming for Nb5.} Qe7 10. Nb5 {Black must now prevent Nc7+.} Qxd6 11. Nxd6+ Ke7 12. Rd1 Ne8 13. Nxe8 Rxe8 14. e4 d6 $146 ({Predecessor:} 14... Bb7) 15. Bd3 e5 16. h4 Be6 17. Ke2 Rec8 18. Rc1 Rc7 19. Rc3 Rac8 {[%cal Re6c4]} 20. Rhc1 a5 21. Ke3 Rc5 22. g3 h6 23. Be2 f6 24. f4 exf4+ 25. Kxf4 R8c7 26. Ke3 Kd8 27. Kd4 Re7 28. Rf1 Kc7 29. Re3 Re5 30. Rf2 Bd7 31. Bd3 Bc6 32. Rfe2 Bd7 33. Rf2 Bc6 34. Rfe2 {Precision: White = 62%, Black = 34%.} 1/2-1/2

[Event "47th Rilton Cup 2017"]
[Site "?"]
[Date "2018.01.04"]
[Round "8"]
[White "Niemi, Kalle"]
[Black "Thybo, Jesper Sondergaard"]
[Result "1-0"]
[WhiteElo "2357"]
[BlackElo "2473"]
[Annotator "TA"]
[PlyCount "73"]
[EventDate "2018.??.??"]
[EventType "swiss"]
[EventCountry "SWE"]
[SourceTitle "Stockholm"]

{[%evp 34,73,37,0,0,0,0,0,0,0,0,0,0,-12,0,0,4,-5,8,-10,0,-9,0,0,4,7,25,17,108,109,144,133,722,699,1277,1235,1290,1308,1302,1294,1221,1214]} 1. e4 e5 2. Nf3 Nc6 3. Bb5 {[%cal Bf1b5,Bb5a4,Ba4b3][%mdl 32]} a6 4. Ba4 Nf6 5. O-O Be7 6. Re1 b5 7. Bb3 d6 8. c3 O-O 9. h3 Bb7 10. d4 Re8 11. Ng5 Rf8 12. Nf3 Nd7 13. Nbd2 exd4 {C92: Closed Ruy Lopez: 9...Be6, Karpov and Flohr-Zaitsev Variations} 14. cxd4 Bf6 15. Nf1 Na5 16. Bc2 Re8 17. Ng3 (17. Rb1 c5 18. d5 Nc4 19. b3 Nce5 20. N3h2 Bc8 21. Ne3 {½-½ (32) Ivanchuk,V (2726)-Kovalev,V (2639) Riadh 2017}) 17... g6 18. b3 {LiveBook: 11 Games} c5 19. Be3 Nc6 20. Rc1 cxd4 21. Nxd4 Nxd4 22. Bxd4 Rc8 $146 23. Qd2 Bg5 24. Be3 Bxe3 25. Qxe3 Nf6 26. Qf4 Qe7 27. Re2 Rc5 28. Rce1 Rec8 29. Bb1 Qe5 30. Qd2 h5 {[#]} (30... R5c7 $11 {remains equal.}) 31. Nf5 $1 $16 {[%mdl 512] And now f4 would win.} gxf5 32. exf5 Qc3 $2 {[%mdl 8192]} (32... Qd5 $16 33. Qg5+ Kf8) 33. Qg5+ $18 {White is clearly winning.} Kh7 {aiming for ...Rg8.} 34. Re7 $1 {[%csl LRb7,LRf7]} Bd5 35. Qg6+ $1 Kh8 36. Qh6+ Kg8 37. R7e3 {Precision: White = 63%, Black = 28%.} 1-0

[Event "47th Rilton Cup 2017"]
[Site "?"]
[Date "2018.01.04"]
[Round "8"]
[White "Ziegler, Ari"]
[Black "Volkov, Sergey"]
[Result "0-1"]
[WhiteElo "2330"]
[BlackElo "2645"]
[Annotator "TA"]
[PlyCount "88"]
[EventDate "2018.??.??"]
[EventType "swiss"]
[EventCountry "SWE"]
[SourceTitle "Stockholm"]

{[%evp 24,88,27,16,37,50,60,76,56,40,39,37,51,45,59,6,0,0,0,8,13,0,9,8,10,3,15,-18,-12,-9,-17,-16,-5,-19,-23,-41,-40,-142,-115,-126,-142,-195,-187,-193,-142,-170,-95,-134,-19,-83,-45,-98,-49,-203,-204,-209,-203,-217,-189,-795,-790,-966,-950,-1095,-1076,-1058,-842]} 1. e4 e6 2. d4 d5 3. Nd2 Nf6 4. e5 Nfd7 5. Bd3 c5 6. c3 Nc6 7. Ne2 cxd4 8. cxd4 f6 9. exf6 Qxf6 10. Nf3 Bd6 11. O-O h6 12. Nc3 O-O 13. Be3 a6 {C06: French Tarrasch: 3...Nf6 4 e5 Nfd7 5 Bd3 main lines} (13... Rd8 14. a3 Nf8 15. Rc1 Bd7 16. h3 Kh8 17. Bb1 Be8 18. Nh2 Bxh2+ 19. Kxh2 e5 20. Ne2 Bh5 21. Qd2 Bxe2 22. Qxe2 exd4 {0-1 (60) Fedorov,A (2565)-Iljiushenok,I (2499) Kazan 2016}) 14. Rc1 Rd8 15. h3 $146 ({Predecessor:} 15. Qd2 Ne7 16. Ne2 e5 17. dxe5 Nxe5 18. Nxe5 Bxe5 19. Bd4 Nc6 20. Bxe5 Nxe5 21. b3 {½-½ (74) Kessler,L (2350)-Kolly,J (2280) Switzerland 2015}) 15... Nf8 {White is better.} 16. Re1 Bd7 {[%cal Bc8d7,Bd7e8,Be8g6][%mdl 32]} 17. Nh2 Be8 18. Ng4 Qh4 19. g3 ({White should play} 19. Na4 $14) 19... Qxh3 20. Bf1 $1 {[%cal Rf1h3]} Qh5 {[#]} 21. Bxh6 $1 {[%mdl 512]} Bg6 (21... gxh6 22. Nf6+) 22. Be3 Qf5 23. a3 Rac8 24. Be2 Na5 25. Kg2 Nc4 26. Bxc4 $1 Rxc4 27. f3 Nd7 28. Nf2 Rdc8 29. g4 Qf6 30. Ra1 (30. Rh1 $15) 30... Rf8 $17 {Hoping for ...Qh4.} 31. Rh1 Bf4 32. Qe2 (32. Bxf4 $17 {keeps fighting.} Rxd4 33. Bg5 (33. Bd2 $2 Rxd2 34. Qxd2 Qxf3+ 35. Kh2 Qxf2+ 36. Qxf2 Rxf2+ 37. Kg3 Rxb2 $19) 33... Rxd1 34. Bxf6 Rxa1 35. Rxa1 gxf6 36. f4) 32... Bxe3 $19 33. Qxe3 Rxd4 (33... e5 $19 34. Nxd5 Qf7) 34. Rae1 {[#]} e5 (34... Nc5 $1 $19 35. Rh3 Rc4) 35. Rh3 $17 Re8 (35... Qd6 $17 36. Reh1 Kf7) 36. Reh1 (36. b3 $1 $11 {keeps the balance.}) 36... Nf8 37. Rh8+ Kf7 38. Nh3 $2 ({White should try} 38. Re1 $15) 38... Ne6 $19 39. Rxe8 Kxe8 40. Re1 e4 $36 {[%mdl 2048] White must now prevent ...Rd3. Black is really pushing.} 41. f4 $2 (41. Nf2) 41... Rd3 {Black is clearly winning.} 42. Nxd5 Qxb2+ 43. Re2 Qb3 ({And not} 43... Rxe3 44. Rxb2 Rd3 45. Nb4 $11) 44. Qc1 Rxd5 {Precision: White = 41%, Black = 66%.} 0-1

[Event "47th Rilton Cup 2017"]
[Site "?"]
[Date "2018.01.04"]
[Round "8"]
[White "Thogersen, Rasmus"]
[Black "Rasmussen, Allan Stig"]
[Result "0-1"]
[WhiteElo "2263"]
[BlackElo "2543"]
[Annotator "TA"]
[PlyCount "52"]
[EventDate "2018.??.??"]
[EventType "swiss"]
[EventCountry "SWE"]
[SourceTitle "Stockholm"]

{[%evp 21,52,32,33,-39,-42,-46,-10,-166,-169,-179,-181,-333,-346,-352,-328,-331,-347,-331,-331,-425,-414,-431,-413,-427,-420,-492,-485,-677,-662,-735,-737,-852,-845]} 1. e4 c5 2. Nf3 e6 3. d4 cxd4 4. Nxd4 Nc6 5. Nc3 Qc7 6. Be3 a6 7. Qd2 Nf6 8. O-O-O Bb4 9. f3 Ne5 10. Nb3 b5 {[%cal Bb7b5,Bb5b4][%mdl 32]} 11. Kb1 {B48: Sizilianisch (Paulsen-Variante)} Be7 {LiveBook: 76 Partien} 12. Ka1 $146 (12. Qf2 $14) ({Vorgänger:} 12. Qf2 Bb7 13. Bb6 Qb8 14. Bd4 d6 15. g4 b4 16. Na4 Nxf3 17. Qxf3 Bxe4 18. Qh3 Bxh1 {0-1 (53) Akopian,V (2657)-Giri,A (2776) Doha 2014}) 12... Bb7 {[%cal Bc8b7,Bb7e4,Be4h1][%mdl 32]} 13. Qf2 {Schwarz steht etwas besser.} O-O 14. g4 $2 (14. Na5 $11 {und Weiss muss sich keine Sorgen machen.}) 14... b4 $1 $19 {[%cal Rb4c3]} 15. Na4 {[#]} Nxf3 $1 {[%mdl 512]} 16. Qxf3 $2 (16. Bb6 Qb8 17. Nac5) 16... Bxe4 17. Qh3 Bxh1 18. g5 Nd5 ({Weniger gut wäre} 18... Qxc2 19. Rc1 $17) 19. Bd3 {[%csl Gd3][%cal Rh3h7] [#]} g6 $1 ({Nicht} 19... h6 20. gxh6 g6 21. Rxh1 $16) 20. Bd4 Nf4 ({Finger weg von} 20... e5 21. Rxh1 exd4 22. Qf3 $19) 21. Qg3 e5 22. Rxh1 exd4 23. Nxd4 Bd6 {Schwarz steht klar auf Gewinn.} 24. Be4 Rae8 25. Qf3 Qa5 26. b3 Qe5 {Precision: Weiß = 20%, Schwarz = 100%.} 0-1

[Event "47th Rilton Cup 2017"]
[Site "?"]
[Date "2018.01.05"]
[Round "9"]
[White "Krasenkow, Michal"]
[Black "Gledura, Benjamin"]
[Result "0-1"]
[WhiteElo "2671"]
[BlackElo "2612"]
[Annotator "TA"]
[PlyCount "114"]
[EventDate "2018.??.??"]
[EventType "swiss"]
[EventCountry "SWE"]
[SourceTitle "Stockholm"]

{[%evp 17,114,18,12,-12,12,-7,0,-7,-8,-12,-16,-12,-19,-13,-4,-33,-19,-10,-10,-30,-30,-30,-33,-36,-38,-60,-60,-89,-89,-89,-87,-68,-66,-82,-78,-74,-74,-99,-80,-75,-74,-95,-77,-82,-85,-116,-97,-147,-154,-176,-173,-176,-162,-163,-165,-176,-176,-176,-176,-302,-181,-313,-304,-260,-117,-183,-173,-166,-80,-980,-942,-880,-176,-176,-78,-176,-176,-176,-176,-176,-176,-245,-229,-761,-714,-6420,-6460,-6103,-5604,-29986,-29987,-29987,-29988,-29988,-29989,-29989,-29990,-29993,-29994]} 1. d4 Nf6 2. c4 g6 3. Nc3 d5 4. cxd5 Nxd5 5. e4 Nxc3 6. bxc3 Bg7 7. Qa4+ Nd7 8. Nf3 c5 9. Be2 O-O 10. O-O {D85: Exchange Grünfeld: Unusual White 7th moves and lines with 7 Nf3} Nb6 11. Qd1 Bg4 12. Be3 {The position is equal.} Bxf3 13. Bxf3 Nc4 14. e5 Nxe3 15. fxe3 {[#]} Qa5 $146 ({Find the theoretical novelty and annotate with similar games:} 15... Bh6 16. Qd3 Rb8 17. Kh1 Qc7 {½-½ (41) Lysyj,I (2641)-Areshchenko,A (2709) Legnica 2013}) 16. Qb3 e6 17. Rab1 ({Don't take} 17. Bxb7 Rab8) 17... Bh6 18. Rfe1 cxd4 19. cxd4 Rac8 {White must now prevent ...Rc3.} 20. Qxb7 Rc3 21. d5 Rxe3 22. Rxe3 Bxe3+ 23. Kh1 Qxa2 24. Rd1 Bf4 25. dxe6 Qxe6 26. Qxa7 Bxe5 27. Bd5 Qf6 28. Qe3 h5 $40 {[%mdl 128] White is in trouble.} 29. Qf3 Qe7 (29... Qd6 {NOTEXT} 30. Bc6 Qe7 31. Qe4 Kg7 32. Re1 Rc8) 30. g3 Kg7 31. Rf1 h4 32. gxh4 Qxh4 {[%csl Ge5][%cal Rh4h2]} 33. h3 f5 34. Rg1 Kh6 35. Qg2 {[%csl Gg1][%cal Rg2g6]} Rf6 36. Bb3 Rd6 37. Bc2 Qf6 38. Qf3 (38. Rd1 $142) 38... Rd4 (38... Rc6 $142 39. Bd3 Rc3) 39. Bd3 (39. Bb3 $142) 39... Bb8 40. Be2 Rh4 (40... Qd6 $19 {[%csl Gb8][%cal Rd6h2]} 41. Rg2 Rb4) 41. Bd3 (41. Rg4 $17) 41... Ba7 42. Rf1 {[%cal Rd3f5]} Qe5 {[#]} (42... Bd4 $1 $19 43. Qg3 Be5 44. Qe3+ Qg5) 43. Qg2 $2 {[%mdl 8192]} (43. Bxf5 $1 $17 {[%mdl 512]} Qxf5 44. Qxf5 gxf5 45. Rxf5) 43... Rh5 $19 (43... Qe3 $2 44. Rf3 $19) 44. Rf3 Qe1+ $2 (44... Rg5 45. Qd2 Kh5) 45. Qf1 Qd2 (45... Qc3 $19 {and Black stays clearly on top. aiming for ...Rg5.} 46. Bc4 Qd4 47. Qc1+ Kh7) 46. Qe2 (46. Qa1 $17 Bb6 47. Rg3) 46... Qc1+ 47. Qf1 Qc6 {And now ...Rg5 would win.} 48. Bb5 Qc5 49. Rg3 (49. Qa1 {was worth a try.}) 49... Bb8 50. Rf3 $2 (50. Qg1 Qd5+ 51. Qg2 Qd1+ 52. Qg1 Qd5+ 53. Qg2 Qd1+ 54. Qg1 Qd5+) 50... Rg5 51. Bc4 Ba7 {( -> ...Rg1+)} 52. Qc1 Qc6 ({Less strong is} 52... Kh5 {[#]} 53. Rg3 $1 $15 {[%mdl 512]}) 53. Qa3 Bc5 {Black mates.} 54. Qc3 Rg1+ 55. Kh2 Qc7+ 56. Rg3 Rxg3 57. Qh8+ Kg5 {Precision: White = 23%, Black = 64%.} 0-1

[Event "47th Rilton Cup 2017"]
[Site "?"]
[Date "2018.01.05"]
[Round "9"]
[White "Grandelius, Nils"]
[Black "Antipov, Mikhail Al"]
[Result "0-1"]
[WhiteElo "2647"]
[BlackElo "2588"]
[Annotator "TA"]
[PlyCount "66"]
[EventDate "2018.??.??"]
[EventType "swiss"]
[EventCountry "SWE"]
[SourceTitle "Stockholm"]

{[%evp 9,66,-8,13,0,0,0,0,0,0,-7,-2,-2,0,0,18,13,15,11,32,24,46,36,28,21,25,30,26,10,37,15,48,32,34,21,22,15,7,10,29,0,0,0,0,-4,-12,-34,-60,-210,-202,-197,-184,-200,-208,-446,-432,-29996,-29997,-29997,-29998]} 1. e4 c5 2. c3 Nf6 {[%cal Bg8f6,Bf6d5,Bd5b6,Bb6c4][%mdl 32]} 3. e5 Nd5 4. Nf3 d6 5. Bc4 Nb6 6. e6 {B22: Sicilian: 2 c3} (6. Bb3 c4 7. Bc2 dxe5 8. Nxe5 Qd5 9. Qe2 N8d7 10. Nxd7 Qxd7 11. d4 e6 12. O-O Bd6 {1-0 (21) Zhigalko,S (2641)-Kokarev,D (2615) Riadh 2017}) 6... Nxc4 7. Qa4+ Nc6 8. exf7+ {The position is equal.} Kxf7 {aiming for ...Nb6.} 9. Qxc4+ d5 10. Qf4+ Kg8 11. d4 ({Reject} 11. Ng5 Qe8 $17) 11... e6 12. O-O ({Of course not} 12. Ng5 Qf6 $15) 12... Bd6 13. Qe3 $146 Qe7 14. Na3 cxd4 15. cxd4 a6 16. Re1 Bd7 17. Nc2 Rf8 18. b3 Rf5 19. a4 Qf6 20. Ba3 Bb8 21. Rad1 h5 22. Nb4 Rh6 23. Nxc6 Bxc6 24. Rd3 Rg6 25. Qe2 Rf4 26. Re3 {[%cal Re3e6]} Re4 27. Bb2 Bf4 28. Rxe4 (28. h3 $15) 28... dxe4 $19 {[%cal Bd5e4,Be4e3][%mdl 32]} 29. Ne5 {[#]} Qh4 $1 {[%cal Rh4h2][%mdl 512]} 30. g3 Bxe5 $1 $40 {[%mdl 128] [#] Black is out for blood.} 31. dxe5 $2 {[#]} (31. d5 $1 {[%mdl 512]} Bxg3 (31... Bxd5 32. Bxe5) 32. fxg3 exd5 33. Rf1) 31... e3 $1 {[%mdl 512] ( -> ...Rxg3+!)} 32. Bc1 {[#]} (32. Rc1 $19 exf2+ 33. Qxf2) (32. Qxe3 Qh3) 32... Rxg3+ $1 {[%mdl 512]} 33. fxg3 Qe4 {Precision: White = 27%, Black = 77%.} 0-1

[Event "47th Rilton Cup 2017"]
[Site "?"]
[Date "2018.01.05"]
[Round "9"]
[White "Volkov, Sergey"]
[Black "Usmanov, Vasily"]
[Result "1/2-1/2"]
[WhiteElo "2627"]
[BlackElo "2472"]
[Annotator "TA"]
[PlyCount "134"]
[EventDate "2018.??.??"]
[EventType "swiss"]
[EventCountry "SWE"]
[SourceTitle "Stockholm"]

{[%evp 20,134,0,-17,0,0,0,-4,0,0,0,0,0,0,0,0,0,0,0,0,0,0,0,0,15,0,8,0,6,0,0,0,8,8,23,0,6,0,0,0,0,0,0,0,0,0,0,0,0,0,0,0,0,-90,-81,-95,-83,-88,-88,-97,-86,-102,-99,-108,-110,-100,-110,-103,-107,-166,-166,-177,-183,-167,-152,-189,-88,-88,-88,-88,-88,-88,-94,-187,-58,-76,-78,-68,-20,-37,-37,-39,0,0,0,0,0,0,0,0,0,0,0,0,0,0,0,0,0,0,0,0,0,0,0,0,0]} 1. d4 Nf6 2. c4 b6 3. Bf4 Bb7 4. e3 g6 5. Nc3 Bg7 6. Nf3 d6 7. h3 O-O 8. Be2 Nbd7 9. O-O Ne4 10. Nxe4 Bxe4 11. Qd2 {LiveBook: 12 Games. E61: King's Indian: Early deviations for White, including Smyslov System} (11. Bh2 c5 12. Rc1 Qc7 13. b3 Qb7 14. d5 Bxf3 15. Bxf3 b5 16. cxb5 a6 17. bxa6 Rxa6 18. Qc2 Ra3 {0-1 (49) Gelashvili,T (2575)-Can,E (2565) Baku 2016}) 11... h6 12. Rad1 $146 ({Predecessor:} 12. Rfd1 e5 13. Bh2 Qe7 14. Rac1 Rad8 15. b4 f5 16. c5 bxc5 17. bxc5 dxc5 18. dxc5 Nb8 {0-1 (40) Landivar,M (2142)-Dubrovich,I (1737) Vicente Lopez 2016}) 12... e6 13. Bh2 Qe7 14. Ne1 Bb7 15. Bf3 Bxf3 16. Nxf3 e5 17. dxe5 Nxe5 18. Bxe5 Bxe5 19. b4 a5 20. b5 Bg7 21. Qd5 Rfe8 22. Qc6 Rad8 23. Rd2 Qd7 24. Qb7 Qc8 25. Qd5 Qa8 26. Rc1 Rc8 27. Rdc2 Re4 28. Kf1 (28. Qd3 {seems wilder.} Rf8 29. Rd2 Ree8 30. Qd5 Qc8 31. Rdd1) 28... Qxd5 29. cxd5 Rb4 30. Rxc7 Rxc7 31. Rxc7 Rxb5 $11 {[%mdl 4096] Endgame KRB-KRN} 32. Rc8+ Kh7 33. e4 Rb1+ 34. Ke2 Rb2+ 35. Ke3 Rxa2 36. e5 (36. Rc6 $11 {keeps the balance.}) 36... Ra3+ $1 $17 (36... dxe5 37. d6 $11) 37. Ke2 dxe5 {[%cal Bd6e5,Be5e4][%mdl 32]} 38. d6 e4 $1 {[%cal Re4f3]} 39. Ne1 Bf6 40. d7 Ra2+ 41. Nc2 b5 $1 {[%cal Rb5b4]} 42. Kd1 b4 43. Rb8 Rb2 $1 {And now ...b3 would win.} 44. f4 (44. Kc1 $17 {was worth a try.} b3 45. Ne3 Rxf2 46. Rxb3) 44... Rb3 $19 {Threatens to win with ...Rd3+.} 45. d8=Q Bxd8 46. Rxd8 {KRN-KR} a4 47. Ra8 Rd3+ (47... Rb1+ $1 $19 {is more deadly.} 48. Kd2 b3) 48. Ke2 b3 {[%mdl 1024] Black has strong compensation.} 49. Na3 {[#]} Rg3 $1 {[%cal Rg3g2]} 50. Kf2 {[#]} ({But not} 50. Rxa4 $2 Rxg2+ 51. Ke3 Ra2 $19) 50... Rc3 $1 {Hoping for ...b2.} 51. Rb8 {[#]} (51. Rxa4 $17 b2 52. Rxe4) 51... b2 $1 {[%mdl 512]} 52. Nb1 $15 (52. Rxb2 Rxa3) 52... Rc2+ 53. Ke3 f5 54. Rb7+ Kg8 55. g4 a3 56. Nxa3 {The position is equal.} Rc3+ 57. Kd4 $1 {[%cal Rd4c3]} Rxa3 58. Rxb2 $11 {KR-KR} Ra7 59. gxf5 gxf5 60. Ke5 Rf7 61. h4 h5 62. Ke6 Kg7 63. Rg2+ Kf8 64. Re2 Ke8 65. Re3 Kf8 66. Re2 Kg8 67. Rg2+ Kf8 {Precision: White = 65%, Black = 66%.} 1/2-1/2

[Event "47th Rilton Cup 2017"]
[Site "?"]
[Date "2018.01.05"]
[Round "9"]
[White "Aravindh, Chithambaram VR"]
[Black "Kulaots, Kaido"]
[Result "1-0"]
[WhiteElo "2607"]
[BlackElo "2591"]
[Annotator "TA"]
[PlyCount "77"]
[EventDate "2018.??.??"]
[EventType "swiss"]
[EventCountry "SWE"]
[SourceTitle "Stockholm"]

{[%evp 21,77,35,33,27,30,26,5,17,35,18,18,-3,63,62,53,61,56,62,61,29,14,-76,-70,-76,-10,-70,-59,-59,-55,-78,-62,-72,29,-56,0,0,0,0,0,0,165,78,214,215,1885,80,862,496,847,837,29987,0,0,0,29987,29988,29988,29989]} 1. e4 c5 2. Nf3 e6 3. d4 cxd4 4. Nxd4 Nc6 {[%cal Bb8c6,Bc6e5,Be5g4][%mdl 32]} 5. Nc3 Qc7 6. Be3 a6 7. Qf3 {B48: Sicilian: Taimanov: 5 Nc3 Qc7 6 Be3 a6 without Be2} (7. a3 Be7 8. f4 b5 9. Qf3 Bb7 10. Bd3 Nf6 11. O-O h5 12. h3 Nxd4 13. Bxd4 Bc5 14. Qf2 d6 15. e5 {0-1 (61) Grischuk,A (2772)-Harikrishna,P (2744) Huaian 2017}) 7... Nf6 8. O-O-O Ne5 9. Qg3 b5 10. f4 Neg4 11. Bg1 h5 {LiveBook: 6 Games. White must now prevent ...b4.} 12. Bd3 Bb7 {...b4 is the strong threat.} 13. e5 b4 14. Na4 $1 Nd5 15. h3 $146 Nh6 $1 16. f5 h4 (16... Rc8 $11) 17. Qxh4 $14 Qxe5 18. Be4 $1 Nxf5 19. Qxh8 Qxe4 20. Nxf5 (20. Nc5 $5 {[%cal Rc5e4]} Qf4+ 21. Kb1 $16) 20... Qxf5 21. Bd4 {[#]} (21. Bc5 $11 {keeps the balance.} Qf4+ 22. Kb1) 21... Bc6 $1 $17 {[%cal Rc6a4]} ({Not} 21... b3 22. axb3 Rc8 23. Rd2 $16) 22. Nc5 $1 O-O-O (22... d6 $17 23. Nd3 e5) 23. Nd3 ({Better is} 23. Qh4 $11) 23... Nc3 $1 $15 24. Bxc3 bxc3 {[%cal Bb4c3,Bc3b2][%mdl 32]} 25. Qh4 cxb2+ 26. Kb1 Bxg2 (26... f6 $17) 27. Rhe1 (27. Rhg1 $11 Be4 28. Rgf1) 27... f6 ({Black should play} 27... Qa5 $1 $15 28. Nxb2 Bd5) 28. Qc4+ $11 Bc6 $1 29. Qxa6+ Bb7 30. Qb6 Be7 $2 (30... Bf3 $11 {and Black stays safe.}) 31. Rg1 (31. Ne5 $18 {has better winning chances.}) 31... g5 {[#]} (31... Rg8 $16) 32. Rg4 $1 $18 {[%cal Rg4c4][%mdl 1024] And now Rc4+ would win. White has strong compensation.} ({Inferior is} 32. Kxb2 Qd5 $11) 32... Kb8 $2 (32... Qd5) 33. Ra4 $2 (33. Nb4 $18 {White wants to mate with Na6+.} Qf3 34. Rd3 Qh1+ 35. Kxb2) 33... Rc8 $2 {[%mdl 8192]} (33... Qd5 $16) 34. Qa7+ Kc7 {[#]} 35. Ne5 $1 {[%mdl 512]} fxe5 (35... Qxe5 36. Rc4+) 36. Qa5+ Kb8 {[%csl Gc8][%cal Rf5c2]} 37. Qa7+ Kc7 38. Rc4+ Kd8 39. Qxb7 {Precision: White = 48%, Black = 39%.} 1-0